Electing The First Citizen: (Record no. 199108)
[ view plain ]
| 000 -LEADER | |
|---|---|
| fixed length control field | 00687nam a2200181 4500 |
| 005 - DATE AND TIME OF LATEST TRANSACTION | |
| control field | 20231116112233.0 |
| 010 ## - LCCN (DPL NO) | |
| LC control number | ENG-138401 |
| 020 ## - INTERNATIONAL STANDARD BOOK NUMBER | |
| Terms of availability | 1765.00 |
| International Standard Book Number | 9789354097447 |
| 035 ## - SYSTEM CONTROL NUMBER | |
| System control number | EN-121933 |
| 037 ## - SOURCE OF ACQUISITION | |
| Source of stock number/acquisition | DBAD/PUB |
| 082 ## - DEWEY DECIMAL CLASSIFICATION NUMBER | |
| Classification number | 920 |
| 100 ## - MAIN ENTRY--PERSONAL NAME | |
| Personal name | Electing The First Citizen |
| 245 ## - TITLE STATEMENT | |
| Title | Electing The First Citizen: |
| Remainder of title | An Illustrated Chronicle Of Indian's Presidential Elections/ |
| Medium | English |
| 260 ## - PUBLICATION, DISTRIBUTION, ETC. (IMPRINT) | |
| Place of publication, distribution, etc | New Delhi |
| Name of publisher, distributor, etc | Director General Publications Division |
| Date of publication, distribution, etc | 2023 |
| 270 ## - ADDRESS | |
| Address | Ministry of Information & Broadcasting Government of India, Soochna bhawan CGO Complex, Lodhi Road |
| City | New Delhi |
| Postal code | 110003 |
| 300 ## - PHYSICAL DESCRIPTION | |
| Extent | 220p. |
| Dimensions | 30cm(hB) |
| 942 ## - ADDED ENTRY ELEMENTS (KOHA) | |
| Source of classification or shelving scheme | Dewey Decimal Classification |
| Item type | English Books |
| Classification part | 920 |
| Call number suffix | ELE |
| Edition | 1 |
| Withdrawn status | Lost status | Not for loan | Collection code | Home library | Current library | Date acquired | Source of acquisition | Cost, normal purchase price | Full call number | Barcode | Copy number | Cost, replacement price | Koha item type |
|---|---|---|---|---|---|---|---|---|---|---|---|---|---|
| Not For Loan | Reference | Bawana | Bawana | 16/11/2023 | DBAD/PUB | 1765.00 | 920 ELE | EN-121933 | 1 | 1765.00 | English Books |
